|
|
|
|
| LEADER |
01165nam a2200325Ia 4500 |
| 001 |
EBC232246 |
| 003 |
MiAaPQ |
| 005 |
20200520144314.0 |
| 006 |
m o d | |
| 007 |
cr cn||||||||| |
| 008 |
000815s2002 enk s 000 0 eng d |
| 020 |
|
|
|z 0861767748
|
| 035 |
|
|
|a (MiAaPQ)EBC232246
|
| 035 |
|
|
|a (Au-PeEL)EBL232246
|
| 035 |
|
|
|a (CaPaEBR)ebr10052682
|
| 035 |
|
|
|a (CaONFJC)MIL47985
|
| 035 |
|
|
|a (OCoLC)568055188
|
| 040 |
|
|
|a MiAaPQ
|c MiAaPQ
|d MiAaPQ
|
| 050 |
|
4 |
|a HG1708.7
|b .O65 2002
|
| 245 |
0 |
0 |
|a Online banking
|h [electronic resource] /
|c guest editor, Kate Stewart.
|
| 260 |
|
|
|a Bradford, England :
|b Emerald Group Publishing,
|c c2002.
|
| 300 |
|
|
|a 51 p.
|
| 490 |
0 |
|
|a International journal of bank marketing ;
|v v.20, no. 6
|
| 533 |
|
|
|a Electronic reproduction. Ann Arbor, MI : ProQuest, 2015. Available via World Wide Web. Access may be limited to ProQuest affiliated libraries.
|
| 650 |
|
0 |
|a Banks and banking.
|
| 650 |
|
0 |
|a Electronic commerce.
|
| 655 |
|
4 |
|a Electronic books.
|
| 700 |
1 |
|
|a Stewart, Kate.
|
| 710 |
2 |
|
|a ProQuest (Firm)
|
| 856 |
4 |
0 |
|u https://ebookcentral.proquest.com/lib/matrademy/detail.action?docID=232246
|z Click to View
|